مقالاتے طب / (Record no. 169981)

MARC details
000 -LEADER
fixed length control field 00551nam a22001817a 4500
005 - DATE AND TIME OF LATEST TRANSACTION
control field 20191213155537.0
010 ## - LCCN (DPL NO)
LC control number B-208795
020 ## - INTERNATIONAL STANDARD BOOK NUMBER
Terms of availability 130.00
035 ## - SYSTEM CONTROL NUMBER
System control number B-208795
037 ## - SOURCE OF ACQUISITION
Source of stock number/acquisition BPPD/Pub.
082 ## - DEWEY DECIMAL CLASSIFICATION NUMBER
Classification number 615.54
100 ## - MAIN ENTRY--PERSONAL NAME
Personal name رضی ال اسلام نروی
245 ## - TITLE STATEMENT
Title مقالاتے طب /
Statement of responsibility, etc رضی ال اسلام نروی
246 ## - VARYING FORM OF TITLE
Title proper/short title Maqalate tabb (Urdu)
Remainder of title by Razi-Al-Islam narvi
260 ## - PUBLICATION, DISTRIBUTION, ETC. (IMPRINT)
Place of publication, distribution, etc Patna
Name of publisher, distributor, etc Khuda Baksh Oriental Public Library
Date of publication, distribution, etc 2006 ء
300 ## - PHYSICAL DESCRIPTION
Extent 188p.
Dimensions 20cm(Hb)
942 ## - ADDED ENTRY ELEMENTS (KOHA)
Source of classification or shelving scheme Dewey Decimal Classification
Item type Urdu Bks
Classification part 615.54
Call number suffix ر ض ی
Holdings
Withdrawn status Lost status Not for loan Collection code Home library Current library Date acquired Source of acquisition Cost, normal purchase price Full call number Barcode Copy number Cost, replacement price Koha item type
      Non-fiction Central Library Central Library 09/12/2019 BPPD/Ven. 130.00 615.54 ر ض ی B-208795 1 130.00 Urdu Bks

© Delhi Public Library
Hit Counter
free hit counter